AK’s General Knowledge A-Z #35 - Statistics

General Stats
  • This quiz has been taken 503 times
  • The average score is 17 of 26
Answer Stats
Hint Answer % Correct
A – a river, or the world’s largest Internet company by revenue Amazon
98%
P – 3.14159265 Pi
92%
S – not minute, not the third Second
92%
V – a region of space that contains no matter, or to clean with a Hoover Vacuum
87%
D – U.K. band ____ Purple, or the Throat whose information helped to expose the Watergate scandal Deep
86%
H – Audrey, who was known to her family as Adriaantje, or Katherine (not related to Audrey), who called herself Jimmy Hepburn
86%
W – place where Alice goes through a rabbit-hole Wonderland
86%
C – actor and director who parodied Adolf Hitler and was four days older than him Charlie Chaplin
82%
R – middle name of Cristiano dos Santos Aveiro, who has scored the most goals in the history of the UEFA Champions League Ronaldo
77%
Y – Alice Cooper album Raise Your Fist and ____ Yell
77%
T – an attempt to record a scene, or what you do to every breath when the Police will be watching you Take
76%
L – is “gelach” in Dutch, or the best medicine Laughter
74%
M – U.S. state where Foxborough, the hometown of the New England Patriots, is Massachusetts
72%
K – to sharpen, or enthusiastic, eager Keen
71%
E – social science that studies how people interact with value Economics
68%
G – a contract to win all 13 tricks in bridge, or winning all four major annual tournaments in tennis or golf Grand Slam
65%
B – the only island in the world that is divided between three countries Borneo
60%
Z – “first” name of Mao who was forced to get married at 13 and who later founded the PRC Zedong
59%
F – Stephanie Perkins’s debut novel Anna and the _____ Kiss French
57%
J – Bertie Wooster’s highly competent valet Jeeves
48%
O – world’s largest city starting with an O; has more people than the next twenty O cities combined Osaka
48%
Q – location of the FBI Academy, or TV series where FBI agent Alex Parrish becomes a prime suspect in a terrorist attack Quantico
48%
I – English name of country where Abidjan was capital from 1933 to 1983 Ivory Coast
43%
N – __________ Forest cat, cat breed with glossy, long hair; its ancestors possibly came with the Vikings Norwegian
38%
U – genus of about 35 species of forest and ornamental shade trees knows as elms Ulmus
4%
X – a concurrent programming language developed by XMOS XC
4%
No matching quizzes found
Score Distribution
Percent of People with Each Score
Percentile by Number Answered
Your Score History
You have not taken this quiz